• 首页
  • 本馆介绍
  • 公告通知
  • 最新文献
  • 馆藏检索
  • 电子资源
  • 读者导购
  • 参考咨询
  • 我的图书馆
  • 登录
  • 详细信息显示
  • 放入我的书架
  • 预约/预借图书
  • 作者相关作品
  • 分类相关作品
  • 丛书相关作品
  • 出版社相关作品

书目信息

  • 表格格式
  • 工作单格式
  • 卡片格式
题名:
连续三角网的最优化
    
 
作者: 周忠谟 著
分册:  
出版信息: 北京   测绘出版社  1987
页数: 266页
开本: 20cm
丛书名:
单 册:
中图分类: P221 , P207
科图分类:
主题词: 三角网-最佳化 , 最佳化-三角网 , 测绘学 , 测量学
电子资源:
ISBN:
000 00732nam0 2200289 45
001 0187009692
005 20040520144542.3
010    @dCNY2.10
091    @a15039.新556
100    @a19900808d1987 emky0chiy0121 ea
101 0  @achi
102    @aCN@b110000
105    @ay z 000yy
106    @ar
200 10 @a连续三角网的最优化@Alian xu san jiao wang de zui you hua@f周忠谟著
210    @a北京@c测绘出版社@d1987
215    @a266页@d20cm
606    @a三角网-最佳化
606    @a最佳化-三角网
606 0  @a测绘学
606 0  @a测量学
690    @aP221@v3
690    @aP207
701  0 @a周忠谟@Azhou zhong mo@4著
801  0 @aCN@b深圳图书馆@c20040520
801  2 @aCN@bNLC@c20040520
905    @f1@b205918@dP207@e39
    
    连续三角网的最优化/周忠谟著.-北京:测绘出版社,1987
    266页;20cm
    
    
    ISBN :CNY2.10
    
●
相关链接 在E读中查询图书 在五车中查询图书 在当当中查询图书 在豆瓣中查询图书


正题名:连续三角网的最优化     索取号:P207/39         预约/预借

序号 登录号 条形码 馆藏地/架位号 状态 备注
1 0205918   000625853   第三借阅区/ [索取号:P207/39] 在馆    
2 0205919   202105694   第二样本阅览室/ [索取号:P207/39] 在馆    
唐山师范学院图书馆 欢迎您!
大连网信软件有限公司© 版权所有